| 000 | 00000nam##2200000za#4500 |
| 001 | 9.593548 |
| 003 | CaOODSP |
| 005 | 20210624201912 |
| 007 | cr ||||||||||| |
| 008 | 150406|2006||||xxc|||||o f|0| 0 fre|d |
| 040 | |aCaOODSP|bfre |
| 043 | |an-cn--- |
| 086 | 1 |aYM32-6/05-87F-PDF |
| 245 | 00|aTroubles du spectre autistique : |h[ressource électronique]|bcauses possibles / |c[par] Sonya Norris. |
| 260 | |bBibliothèque du Parlement. |cLe 23 février 2006. |
| 300 | |a12p.|bréférences |
| 490 | 1 |a[Les études générales modulaires]|vPRB 05-87F |
| 590 | |a06-28|b2006-07-14 |
| 691 | 07|aSanté|2gcpds |
| 710 | 1 |aCanada.|bBibliothèque du Parlement. |bDirection de la recherche parlementaire. |
| 720 | 1 |aLabelle, Christine |
| 775 | 08|tAutism spectrum disorders : |w(CaOODSP)9.560902 |
| 830 | #0|a[Les études générales modulaires]|vPRB 05-87F|w(CaOODSP)9.501321 |
| 856 | 40|ahttp://publications.gc.ca|qPDF|s86 Ko|uhttps://publications.gc.ca/collections/Collection-R/LoPBdP/PRB-f/PRB0587-f.pdf|yPRB 05-87F |